000
00353nam a22001337a 4500
020
_a
9787220101854
082
_a
306.0951 YUL
100
_a
Lou Yulie
245
_a
The Chinese Character
_c
Lou Yulie
260
_a
Sichuan
_b
People's publishing House
_c
2017
300
_a
275p
942
_2
ddc
_c
BK
999
_c
586548
_d
586548